[Event "AUTO-OPEN-3463"]
[Site "http://www.queenalice.com/game.php?id=1351967"]
[Date "2015.4.5"]
[Round "1"]
[White "Philchess"]
[Black "yoke"]
[Result "0-1"]
[WhiteElo "1391"]
[BlackElo "1444"]

1. c4 e6 2. d4 Nf6 3. Nf3 Na6 4. e3 Ne4 5. Bd3 Ng5 6. c5 Be7 7. Bxa6 bxa6 8. O-O
Bb7 9. Nbd2 Bc6 10. a4 a5 11. Qe2 Rb8 12. h4 Ne4 13. g3 O-O 14. Nh2 Rb4 15. Nxe4
Bxe4 16. f3 Bd5 17. Rd1 Qb8 18. e4 Bc4 19. Qc2 c6 20. f4 Bb3 21. Qe2 Bxd1 22.
Qxd1 a6 23. Rb1 d6 24. cxd6 Qxd6 25. Bd2 Qxd4+ 26. Kf1 Qd3+ 27. Kg1 Bc5+ 28. Kh1
Qxe4+ 29. Nf3 Bf2 30. Bxb4 Qxb4 31. b3 Bxg3 32. Qc1 c5 33. Kg2 Bxf4 34. Qf1 e5
35. Qxa6 e4 36. Ng1 e3 37. Kf3 Re8 38. Qf1 Qe4+ 0-1

[Event "AUTO-OPEN-3463"]
[Site "http://www.queenalice.com/game.php?id=1351968"]
[Date "2015.4.5"]
[Round "1"]
[White "yoke"]
[Black "Philchess"]
[Result "1-0"]
[WhiteElo "1458"]
[BlackElo "1377"]

1. e3 d5 2. d4 e6 3. Nf3 c5 4. Nc3 a6 5. Be2 Nf6 6. Ne5 Bd6 7. O-O O-O 8. Bd2 b5
9. Bf3 Nbd7 10. Nc6 Qc7 11. Ne5 h6 12. Qe2 b4 13. Nxd5 exd5 14. c3 Bxe5 15. dxe5
Nxe5 16. b3 Bg4 17. Bxg4 Nfxg4 18. cxb4 cxb4 19. Rac1 Qd6 20. e4 dxe4 21. Rc2 f5
22. Bf4 g5 23. Bg3 f4 24. Bxf4 Rxf4 25. Rd2 Qe7 26. Rd4 a5 27. g3 Rf5 28. Qxe4
Rxf2 29. Qxa8+ Kg7 30. Rxf2 Nxf2 31. Kxf2 Qf6+ 32. Ke2 Qb6 33. Ke3 Kf6 34. Qf8+
1-0

[Event "AUTO-OPEN-3509"]
[Site "http://www.queenalice.com/game.php?id=1370111"]
[Date "2015.7.6"]
[Round "1"]
[White "frt"]
[Black "yoke"]
[Result "1-0"]
[WhiteElo "1618"]
[BlackElo "1511"]

1. e4 e6 2. d4 d6 3. Nf3 Ne7 4. Nc3 Bd7 5. Bc4 Ng6 6. O-O Be7 7. Be3 O-O 8. d5
e5 9. Qd2 Na6 10. Rad1 Nh4 11. Nxh4 Bxh4 12. g3 Bh3 13. Rfe1 Bf6 14. Bxa6 bxa6
15. Qe2 a5 16. Qh5 Bd7 17. h4 1-0

[Event "AUTO-OPEN-3509"]
[Site "http://www.queenalice.com/game.php?id=1370112"]
[Date "2015.7.6"]
[Round "1"]
[White "yoke"]
[Black "frt"]
[Result "0-1"]
[WhiteElo "1470"]
[BlackElo "1687"]

1. e3 d5 2. d3 e5 3. Nd2 Nf6 4. Be2 Bf5 5. Nb3 Bd6 6. Na5 Bb4+ 7. Bd2 Bxd2+ 8.
Qxd2 O-O 9. Qb4 b6 10. Nb3 Qd7 11. Nf3 e4 12. Ne5 Qd6 13. Qd4 c5 14. Qc3 Re8 15.
d4 c4 16. Nd2 a5 0-1

[Event "AUTO-OPEN-3509"]
[Site "http://www.queenalice.com/game.php?id=1370141"]
[Date "2015.7.6"]
[Round "1"]
[White "yoke"]
[Black "jnable"]
[Result "0-1"]
[WhiteElo "1513"]
[BlackElo "2119"]

1. e3 d5 2. d3 e5 3. Nd2 c5 4. Be2 Nc6 5. Bg4 Bxg4 6. Qxg4 Nf6 7. Qf5 Bd6 8.
Ngf3 O-O 9. Ng5 h6 10. Nh3 Qd7 11. Qf3 Qg4 12. Qxg4 Nxg4 13. Nf1 f5 14. Nd2 Rae8
15. O-O Nb4 16. c3 Nc6 17. b3 e4 18. d4 Bxh2+ 19. Kh1 Bd6 0-1

[Event "AUTO-OPEN-3509"]
[Site "http://www.queenalice.com/game.php?id=1370142"]
[Date "2015.7.6"]
[Round "1"]
[White "jnable"]
[Black "yoke"]
[Result "1-0"]
[WhiteElo "2118"]
[BlackElo "1515"]

1. e4 e6 2. d4 d6 3. f4 Nf6 4. Nc3 Nfd7 5. Nf3 Be7 6. Bd3 Nc6 7. Be3 Nb4 8. Be2
Nf6 9. O-O Ng4 10. Bc1 Bd7 11. a3 Nc6 12. Qd3 O-O 13. h3 Nh6 14. Be3 Na5 15. f5
Bf6 16. Bxh6 gxh6 17. e5 dxe5 18. dxe5 Bg7 19. f6 1-0

[Event "AUTO-OPEN-3509"]
[Site "http://www.queenalice.com/game.php?id=1370143"]
[Date "2015.7.6"]
[Round "1"]
[White "yoke"]
[Black "sss"]
[Result "1-0"]
[WhiteElo "1428"]
[BlackElo "1234"]

1. e3 e5 2. d3 d5 3. Nd2 Nf6 4. Be2 Nc6 5. Nb3 Bd6 6. Nf3 Be6 7. Bd2 h6 8. Nh4
g5 9. Nf3 e4 10. Nfd4 Nxd4 11. Nxd4 c6 12. Bc3 1-0

[Event "AUTO-OPEN-3509"]
[Site "http://www.queenalice.com/game.php?id=1370144"]
[Date "2015.7.6"]
[Round "1"]
[White "sss"]
[Black "yoke"]
[Result "0-1"]
[WhiteElo "1226"]
[BlackElo "1436"]

1. e4 e6 2. d4 d6 3. Nf3 Ne7 4. Nc3 Bd7 5. Bd3 Ng6 6. Be3 Nc6 7. h3 Nh4 8. g3
Ng2+ 9. Ke2 e5 10. d5 Nd4+ 11. Bxd4 exd4 12. Nxd4 Be7 0-1

[Event "AUTO-INT-3021"]
[Site "http://www.queenalice.com/game.php?id=1370296"]
[Date "2015.7.7"]
[Round "1"]
[White "yoke"]
[Black "jbumgarjr"]
[Result "0-1"]
[WhiteElo "1439"]
[BlackElo "1576"]

1. e3 d5 2. d3 e6 3. Bd2 Nf6 4. Ne2 c5 5. Na3 Nc6 6. Nf4 b6 7. Nb5 Ba6 8. Na3 c4
9. d4 e5 10. Ne2 exd4 11. exd4 Ne4 12. Be3 Qf6 13. Nb1 Bb4+ 14. c3 Bd6 15. Nf4
Bxf4 16. Qf3 Bxe3 17. Qxe3 Ne7 18. Be2 Nc6 19. O-O O-O 20. Nd2 Rfe8 21. b3 Nxc3
22. Qxc3 Qxd4 23. Qc1 Rxe2 24. Nf3 Qb2 0-1

[Event "AUTO-INT-3021"]
[Site "http://www.queenalice.com/game.php?id=1370297"]
[Date "2015.7.7"]
[Round "1"]
[White "jbumgarjr"]
[Black "yoke"]
[Result "1-0"]
[WhiteElo "1468"]
[BlackElo "1454"]

1. d4 e6 2. Nf3 Nf6 3. Bf4 Nc6 4. g3 Ne4 5. e3 Bb4+ 6. Nbd2 d5 7. a3 Ba5 8. b4
Nc3 9. Qc1 Bb6 10. Bb5 Nxb5 11. Ne5 Ne7 12. O-O Nc3 13. Qe1 Nf5 14. Ndf3 Ne4 15.
Ng5 Ned6 16. a4 O-O 17. Qe2 Qf6 18. Qh5 Nh6 19. a5 Bxd4 20. exd4 Ne4 21. Nxe4
dxe4 22. Bxh6 gxh6 23. Ng4 1-0

[Event "AUTO-INT-3021"]
[Site "http://www.queenalice.com/game.php?id=1370298"]
[Date "2015.7.7"]
[Round "1"]
[White "yoke"]
[Black "Givanildo"]
[Result "1-0"]
[WhiteElo "1497"]
[BlackElo "1549"]

1. e3 d5 2. d3 h5 3. Be2 d4 4. e4 Bg4 5. Bf3 e5 6. Nd2 Bb4 7. Ne2 Nd7 8. Ng3
Bxd2+ 9. Bxd2 Bxf3 10. Qxf3 Ngf6 11. Bb4 c5 12. Bd2 Qb6 13. b3 O-O-O 14. Nf5 Ng4
15. Ne7+ Kb8 16. Nd5 Qb5 17. Qxf7 Rhf8 18. Qxh5 Nxf2 19. O-O Nf6 20. Qxe5+ Kc8
21. Qc7# 1-0

[Event "AUTO-INT-3021"]
[Site "http://www.queenalice.com/game.php?id=1370299"]
[Date "2015.7.7"]
[Round "1"]
[White "Givanildo"]
[Black "yoke"]
[Result "1-0"]
[WhiteElo "1638"]
[BlackElo "1463"]

1. e3 e6 2. d4 d6 3. Bb5+ Bd7 4. a4 Ne7 5. Bd2 Nf5 6. g4 Nh4 7. Bf1 Bc6 8. f3
Qf6 9. Nc3 Nxf3+ 10. Nxf3 Bxf3 11. Be2 Bxh1 12. d5 Qh4+ 13. Kf1 Qh3+ 14. Ke1 Be7
15. Bb5+ c6 16. dxc6 Bh4+ 17. Ke2 Bf3+ 18. Kd3 Bxd1 19. cxb7+ Ke7 20. bxa8=Q
Qf1+ 21. Kd4 e5+ 22. Kd5 Bf3+ 23. e4 Qxa1 24. Qxa7+ Kf6 25. g5+ Kg6 26. Bd7 Qxb2
27. Bf5+ Kh5 28. Qxf7+ g6 29. Bxg6+ hxg6 30. Qxf3# 1-0